00637 2200205 4500001002100000008004100021035002000062245007200082100001800154260004300172300002600215020002200241084001700263520005000280520003000330082001100360650003600371990001200407990001200419INLIS000000000015346 ind  a0010-1222000425 aOrangtua dengan Anak TunagrahitacAulia Fadhli; editor, Abd. Kholiq aAULIA, Fadhli aYogyakarta :bRelasi Inti Media,c2022 aviii, 108 hal.c21 cm a978-602-9434-94-1 a371.94 AUL o aDaftar Sekolah untuk Anak Berkebutuhan Khusus aBibliografi : hal.107-108 a371.94 aPENDIDIKAN. BERKEBUTUHAN KHUSUS a10057 a a10057 b